Měření hrubého domácího produktu a ekonomický růst v Evropské unii a USA

Vymedzenie a vykazovanie makroekonomického produktu. Ukazovateľ HDP. Metodické rozdiely v meraní a vykazovaní HDP v Európskej únii a USA.

Saved in:
Bibliographic Details
Main Author: Hájek, Ladislav
Format: Book Chapter
Language:Czech
Subjects:
Tags: Add Tag
No Tags, Be the first to tag this record!

MARC

LEADER 00000naa$a2200000$$$4500
001 0038906
005 20231107071143.5
041 0 |a cze 
044 |a CZ 
245 1 0 |a Měření hrubého domácího produktu a ekonomický růst v Evropské unii a USA  |c Ladislav Hájek 
520 |a Vymedzenie a vykazovanie makroekonomického produktu. Ukazovateľ HDP. Metodické rozdiely v meraní a vykazovaní HDP v Európskej únii a USA. 
610 2 0 |a produkt domáci hrubý 
610 2 0 |a tempo rastu hospodárskeho 
610 2 0 |a rast hospodársky 
610 2 0 |a ukazovatele makroekonomické 
610 2 0 |a meranie 
610 2 0 |a metodika 
610 2 0 |a Európska únia 
610 2 0 |a USA 
610 2 0 |a dôchodok čistý 
610 2 0 |a produkt domáci čistý 
100 1 |a Hájek, Ladislav